|
|
|
|
| LEADER |
00000nam a22000007a 4500 |
| 005 |
20181116222620.0 |
| 007 |
cr|||| |||| |
| 008 |
181116s2018 es |||||s|||| 00||0 spa d |
| 020 |
|
|
|a 978-84-09-06103-7
|
| 035 |
|
|
|a 22425
|
| 040 |
|
|
|a vLex
|
| 090 |
|
|
|c 8306
|d 8306
|
| 100 |
1 |
|
|a Amadeo Gadea, Sergio
|
| 245 |
1 |
0 |
|a Una aproximacin̤ a la responsabilidad de los administradores y de las personas jurd̕icas
|h [Recurso electrn̤ico] /
|c Sergio Amadeo Gadea
|
| 256 |
|
|
|a Servicio en ln̕ea
|
| 260 |
|
|
|a Barcelona:
|b Escola d'Administraci ̤Pb︢lica de Catalunya,
|c 2018
|
| 300 |
|
|
|a 1 recurso electrn̤ico
|
| 506 |
1 |
|
|a Disponible solo en los productos indicados
|d vLex Global
|d vLex Global (Academic Edition, excluding Law Schools)
|d vLex Global (U.S. Academic Edition, Law Schools)
|d vLex Global (U.S. Academic Edition, excluding Law Schools)
|d vLex Global (Academic Edition, Law Schools)
|
| 650 |
0 |
4 |
|a Derecho Penal
|z Espaą
|
| 740 |
0 |
|
|a vLex Libros (Servicio en ln̕ea)
|
| 856 |
4 |
0 |
|u http://vlex.com/source/aproximacion-responsabilidad-administradores-personas-juridicas-22425
|z Acceso restringido
|
| 942 |
|
|
|c BOOK
|
| 999 |
0 |
|
|a Criminal law
|